<?xml version="1.0" encoding="UTF-8"?>
<record
    xmlns:xsi="http://www.w3.org/2001/XMLSchema-instance"
    xsi:schemaLocation="http://www.loc.gov/MARC21/slim http://www.loc.gov/standards/marcxml/schema/MARC21slim.xsd"
    xmlns="http://www.loc.gov/MARC21/slim">

  <leader>02289nam a2200313Ia 4500</leader>
  <controlfield tag="003">OSt</controlfield>
  <controlfield tag="005">20251106115700.0</controlfield>
  <controlfield tag="008">210210b2008   xxu||||| |||| 00| 0 eng d</controlfield>
  <datafield tag="020" ind1=" " ind2=" ">
    <subfield code="a">8177132555</subfield>
  </datafield>
  <datafield tag="040" ind1=" " ind2=" ">
    <subfield code="c">AL</subfield>
  </datafield>
  <datafield tag="041" ind1=" " ind2=" ">
    <subfield code="a">Kannada</subfield>
  </datafield>
  <datafield tag="082" ind1=" " ind2=" ">
    <subfield code="a">907.202K RAJI</subfield>
  </datafield>
  <datafield tag="100" ind1=" " ind2=" ">
    <subfield code="a">RAJASHEKARAPPA (B) Ed</subfield>
    <subfield code="d">&#xCAC;&#xCBF;. &#xCB0;&#xCBE;&#xC9C;&#xCB6;&#xCC7;&#xC96;&#xCB0;&#xCAA;&#xCCD;&#xCAA; </subfield>
    <subfield code="9">244265</subfield>
  </datafield>
  <datafield tag="245" ind1=" " ind2=" ">
    <subfield code="a">Itihasa samshodhaka Hulluru Shrinivasa Joyisaru: jivana mattu sadhane</subfield>
    <subfield code="b">&#xC87;&#xCA4;&#xCBF;&#xCB9;&#xCBE;&#xCB8; &#xCB8;&#xC82;&#xCB6;&#xCCB;&#xCA7;&#xC95; &#xCB9;&#xCC1;&#xCB2;&#xCCD;&#xCB2;&#xCC2;&#xCB0;&#xCC1; &#xCB6;&#xCCD;&#xCB0;&#xCC0;&#xCA8;&#xCBF;&#xCB5;&#xCBE;&#xCB8; &#xC9C;&#xCCB;&#xCAF;&#xCBF;&#xCB8;&#xCB0;&#xCC1;: &#xC9C;&#xCC0;&#xCB5;&#xCA8; &#xCAE;&#xCA4;&#xCCD;&#xCA4;&#xCC1; &#xCB8;&#xCBE;&#xCA7;&#xCA8;&#xCC6;</subfield>
  </datafield>
  <datafield tag="260" ind1=" " ind2=" ">
    <subfield code="a">Bengaluru</subfield>
    <subfield code="b">Kannada Pusthaka Pradhikara</subfield>
    <subfield code="c">2008</subfield>
  </datafield>
  <datafield tag="300" ind1=" " ind2=" ">
    <subfield code="a">xxxiii,69</subfield>
  </datafield>
  <datafield tag="520" ind1=" " ind2=" ">
    <subfield code="a">&#xC97;&#xCBE;&#xC82;&#xCA7;&#xCBF; &#xCA4;&#xCA4;&#xCCD;&#xCB5;&#xCB5;&#xCA8;&#xCCD;&#xCA8;&#xCC1; &#xC85;&#xCA4;&#xCCD;&#xCAF;&#xC82;&#xCA4; &#xCA8;&#xCBF;&#xCB7;&#xCCD;&#xCA0;&#xCC6;&#xCAF;&#xCBF;&#xC82;&#xCA6; &#xCAA;&#xCBE;&#xCB2;&#xCBF;&#xCB8;&#xCBF;, &#xCAA;&#xCCD;&#xCB0;&#xCAE;&#xCC1;&#xC96; &#xC97;&#xCBE;&#xC82;&#xCA7;&#xCBF; &#xCA4;&#xCA4;&#xCCD;&#xCB5;&#xC95;&#xCBE;&#xCB0;&#xCB0;&#xCBE;&#xCA6; &#x201C;&#xCB6;&#xCCD;&#xCB0;&#xCC0;&#xCA8;&#xCBF;&#xCB5;&#xCBE;&#xCB8;&#xCCD; &#xC9C;&#xCCB;&#xCAF;&#xCBF;&#xCB8;&#xC82;&#x201D; &#xCB0;&#xCB5;&#xCB0; &#xCAC;&#xC97;&#xCCD;&#xC97;&#xCC6; &#xC88; &#xC95;&#xCC3;&#xCA4;&#xCBF;&#xCAF;&#xCB2;&#xCCD;&#xCB2;&#xCBF; &#xCAE;&#xCBE;&#xCB9;&#xCBF;&#xCA4;&#xCBF;&#xCAF;&#xCA8;&#xCCD;&#xCA8;&#xCC1; &#xC95;&#xCCA;&#xCA1;&#xCB2;&#xCBE;&#xC97;&#xCBF;&#xCA6;&#xCC6;. &#xC85;&#xCB5;&#xCB0;&#xCC1; &#xCB5;&#xC95;&#xCC0;&#xCB2;&#xCB0;&#xCBE;&#xCA6;&#xCB0;&#xCC1;, &#xC9A;&#xCBF;&#xCA4;&#xCCD;&#xCB0;&#xCA6;&#xCC1;&#xCB0;&#xCCD;&#xC97;&#xCA6; &#xC87;&#xCA4;&#xCBF;&#xCB9;&#xCBE;&#xCB8;, &#xCB9;&#xCBF;&#xCA8;&#xCCD;&#xCA8;&#xCC6;&#xCB2;&#xCC6;, &#xC87;&#xCB5;&#xCC6;&#xCB2;&#xCCD;&#xCB2;&#xCB5;&#xCA8;&#xCCD;&#xCA8;&#xCC1; &#xCA4;&#xCAE;&#xCCD;&#xCAE; &#xC86;&#xCB8;&#xC95;&#xCCD;&#xCA4;&#xCBF; &#xC95;&#xCCD;&#xCB7;&#xCC7;&#xCA4;&#xCCD;&#xCB0;&#xCB5;&#xCA8;&#xCCD;&#xCA8;&#xCBE;&#xC97;&#xCBF; &#xCB0;&#xCC2;&#xCA2;&#xCBF;&#xCB8;&#xCBF;&#xC95;&#xCCA;&#xC82;&#xCA1;&#xCC1; &#xC9A;&#xCBF;&#xCA4;&#xCCD;&#xCB0;&#xCA6;&#xCC1;&#xCB0;&#xCCD;&#xC97;&#xCA6; &#xC87;&#xCA4;&#xCBF;&#xCB9;&#xCBE;&#xCB8;&#xCA6; &#xCAC;&#xC97;&#xCCD;&#xC97;&#xCC6; &#xC86;&#xCB3;&#xCB5;&#xCBE;&#xC97;&#xCBF; &#xC85;&#xCA7;&#xCCD;&#xCAF;&#xCAF;&#xCA8; &#xCAE;&#xCBE;&#xCA1;&#xCBF;&#xCA6;&#xCB5;&#xCB0;&#xCC1;. &#xC87;&#xCB5;&#xCB0;&#xCC1; &#xC85;&#xCAA;&#xCCD;&#xCAA;&#xC9F; &#xCB8;&#xCCD;&#xCB5;&#xCBE;&#xCA4;&#xC82;&#xCA4;&#xCCD;&#xCB0;&#xCCD;&#xCAF; &#xCB9;&#xCCB;&#xCB0;&#xCBE;&#xC9F;&#xC97;&#xCBE;&#xCB0;&#xCB0;&#xCBE;&#xC97;&#xCBF;&#xCA6;&#xCCD;&#xCA6;&#xCC1;, &#xCAF;&#xCBE;&#xCB5;&#xCC1;&#xCA6;&#xCC7; &#xCAA;&#xCCD;&#xCB0;&#xCAD;&#xCBE;&#xCB5;&#xC95;&#xCCD;&#xC95;&#xCC6; &#xC92;&#xCB3;&#xC97;&#xCBE;&#xC97;&#xCA6;&#xCC6; &#xCB5;&#xCB8;&#xCCD;&#xCA4;&#xCC1;&#xCA8;&#xCBF;&#xCB7;&#xCCD;&#xCA0;&#xCB5;&#xCBE;&#xC97;&#xCBF; &#xC87;&#xCA4;&#xCBF;&#xCB9;&#xCBE;&#xCB8;&#xCB5;&#xCA8;&#xCCD;&#xCA8;&#xCC1; &#xCAC;&#xCB0;&#xCC6;&#xCA6;&#xCB5;&#xCB5;&#xCB0;&#xCC1;.&#xC87;&#xCB5;&#xCB0; &#xC9C;&#xCC0;&#xCB5;&#xCA8;&#xCA6; &#xCB8;&#xCCD;&#xCAA;&#xCB7;&#xCCD;&#xC9F; &#xCA8;&#xCCB;&#xC9F;&#xCB5;&#xCA8;&#xCCD;&#xCA8;&#xCC1; &#xCB2;&#xCC7;&#xC96;&#xC95; &#xCAC;&#xCBF;.&#xCB0;&#xCBE;&#xC9C;&#xCB6;&#xCC7;&#xC96;&#xCB0;&#xCAA;&#xCCD;&#xCAA; &#xCB0;&#xCB5;&#xCB0;&#xCC1; &#xC88; &#xC95;&#xCC3;&#xCA4;&#xCBF;&#xCAF;&#xCB2;&#xCCD;&#xCB2;&#xCBF; &#xCB5;&#xCBF;&#xCB5;&#xCB0;&#xCBF;&#xCB8;&#xCBF;&#xCA6;&#xCCD;&#xCA6;&#xCBE;&#xCB0;&#xCC6;.

</subfield>
  </datafield>
  <datafield tag="650" ind1=" " ind2=" ">
    <subfield code="a">Shrinivasa</subfield>
    <subfield code="9">244266</subfield>
  </datafield>
  <datafield tag="650" ind1=" " ind2=" ">
    <subfield code="a">samshodhaka</subfield>
    <subfield code="9">244267</subfield>
  </datafield>
  <datafield tag="650" ind1=" " ind2=" ">
    <subfield code="a">sadhane</subfield>
    <subfield code="9">244268</subfield>
  </datafield>
  <datafield tag="650" ind1=" " ind2=" ">
    <subfield code="a">mattu</subfield>
    <subfield code="9">244269</subfield>
  </datafield>
  <datafield tag="650" ind1=" " ind2=" ">
    <subfield code="a">Joyisaru:</subfield>
    <subfield code="9">244270</subfield>
  </datafield>
  <datafield tag="650" ind1=" " ind2=" ">
    <subfield code="a">jivana</subfield>
    <subfield code="9">244271</subfield>
  </datafield>
  <datafield tag="650" ind1=" " ind2=" ">
    <subfield code="a">Itihasa</subfield>
    <subfield code="9">244272</subfield>
  </datafield>
  <datafield tag="650" ind1=" " ind2=" ">
    <subfield code="a">Hulluru</subfield>
    <subfield code="9">244273</subfield>
  </datafield>
  <datafield tag="690" ind1=" " ind2=" ">
    <subfield code="a">Biography</subfield>
    <subfield code="9">244274</subfield>
  </datafield>
  <datafield tag="906" ind1=" " ind2=" ">
    <subfield code="a">064380</subfield>
  </datafield>
  <datafield tag="942" ind1=" " ind2=" ">
    <subfield code="2">ddc</subfield>
    <subfield code="c">BK</subfield>
  </datafield>
  <datafield tag="999" ind1=" " ind2=" ">
    <subfield code="c">116434</subfield>
    <subfield code="d">116434</subfield>
  </datafield>
  <datafield tag="952" ind1=" " ind2=" ">
    <subfield code="0">0</subfield>
    <subfield code="1">0</subfield>
    <subfield code="2">ddc</subfield>
    <subfield code="4">0</subfield>
    <subfield code="7">0</subfield>
    <subfield code="8">HIS</subfield>
    <subfield code="a">AL</subfield>
    <subfield code="b">AL</subfield>
    <subfield code="c">History</subfield>
    <subfield code="d">2021-02-17</subfield>
    <subfield code="e">Kannada Pustaka Pradikara, Bengaluru-560002</subfield>
    <subfield code="g">40.00</subfield>
    <subfield code="l">0</subfield>
    <subfield code="o">907.202K RAJI</subfield>
    <subfield code="p">064380</subfield>
    <subfield code="r">2021-02-17 00:00:00</subfield>
    <subfield code="w">2021-02-17</subfield>
    <subfield code="y">BK</subfield>
  </datafield>
</record>
